Rent-a-tanker (Record no. 76825)

MARC details
000 -LEADER
fixed length control field 00986cab a2200169 4500
001 - CONTROL NUMBER
control field ##L133148
008 - FIXED-LENGTH DATA ELEMENTS--GENERAL INFORMATION
fixed length control field 060418n2006 000 0 eng u
035 ## - SYSTEM CONTROL NUMBER
System control number (Sirsi) u133148
041 0# - LANGUAGE CODE
Language code of text/sound track or separate title eng
245 00 - TITLE STATEMENT
Title Rent-a-tanker
260 ## - PUBLICATION, DISTRIBUTION, ETC.
Date of publication, distribution, etc. 2006
490 #0 - SERIES STATEMENT
Series statement Economist
Volume/sequential designation 379(8473) 15-21 April 2006, 37-38(2)
520 ## - SUMMARY, ETC.
Summary, etc. The MoDhas signed its largest ever PFI deal for the British army's establishment at Aldershot in Hampshire. The PFIcontract is a 35 year, 8 billion pound deal under which a private company will finance, build and maintain accommodation for 18 000 soldiers. But are PFI deals the best way to finance such ventures? It is argued that PFI deals work best when the contract is kept simple and is easily measured. However, because the risk of war is difficult to price, designing a military PFI that is straightforward looks set to be no easy task.
590 ## - LOCAL NOTE (RLIN)
Local note IKA250406
690 ## - LOCAL SUBJECT ADDED ENTRY--TOPICAL TERM (OCLC, RLIN)
Topical term or geographic name as entry element PROPERTY-OTHER PROPERTY TYPES-MILITARY PROPERTY-MILITARY FACILITIES
942 ## - ADDED ENTRY ELEMENTS (KOHA)
Suppress in OPAC 0
Holdings
Withdrawn status Lost status Source of classification or shelving scheme Damaged status Not for loan Home library Current library Shelving location Date acquired Total Checkouts Full call number Barcode Date last seen Copy number Price effective from Koha item type
    Dewey Decimal Classification     London London Journal article 18/04/2006   L133148. 133148-1001 06/08/2019 1 06/08/2019 Journal article